Normal view MARC view
  • Cronología histórica

Entry Materia

Number of records used in: 10

001 - NÚMERO DE CONTROL DEL REGISTRO

  • campo de control: 11749

003 - IDENTIFICADOR DE NUMERO DE CONTROL

  • campo de control: MX-MxUPN

005 - FECHA Y HORA DE LA ÚLTIMA TRANSACCIÓN

  • campo de control: 20251203085858.0

008 - DATOS DE LONGITUD FIJA

  • campo de control de longitud fija: 251203n| acnnnbabn | ana |d

035 ## - NÚMERO DE CONTROL DEL SISTEMA

  • Número de control del sistema: UPN10000011756

040 ## - FUENTE DE LA CATALOGACIÓN

  • Centro catalogador de origen: MX-MxUPN
  • Lengua de catalogación: spa
  • Agencia de transcripción: MX-MxUPN

150 ## - ENCABEZAMIENTO - TEMÁTICO

  • Término de materia o nombre geográfico como elemento inicial: Cronología histórica

360 ## - REFERENCIA COMPLEJA DE VÉASE ADEMÁS - MATERIA

  • Texto explicativo: Véase también la subdivisión
  • Encabezamiento al que se remite: HISTORIA - CRONOLOGIA
  • Texto explicativo: bajo nombres de países. Ej.:
  • Encabezamiento al que se remite: MEXICO - HISTORIA - CRONOLOGIA

670 ## - FUENTE EN LA QUE SE LOCALIZARON DATOS

  • Cita de la fuente: E

902 ## - CATALOGADOR

  • Catalogador: LG/200397